000 01737cam a2200241 4500
001 L130407
008 050725n2005 000 0 eng u
035 _a(Sirsi) u130407
041 _aeng
110 _aOffice of the Deputy Prime Minister
_94685
245 _aODPM Circular 05/2005
_bplanning obligations
260 _aLondon
_bODPM
_c2005
300 _a20p
490 _aODPM Circular
520 _aProvides revised guidance to local authorities in England on the use of planning obligations under the Town and Country Planning Act 1990 s106 as substituted by the Planning and Compensation Act 1991. It does not concern the powers given to the SoS to make regulations to replace s106 in the Planning and Compulsory Purchase Act 2004 ss46-47. It replaces and cancels DoE Circular 1/97. The changes in this Circular concern only the negotiation of planning obligations and do not introduce an optional planning charge as proposed in the November 2003 consultation paper " Contributing to sustainable communities: a new approach to planning obligations". Annex A sets out the statutory framework for planning obligations including arrangements for the discharge or modification of planning obligations. Annex B explains the policies of SoS and provides guidance on the use of planning obligations.
590 _aIKA020805
650 _aTOWN AND COUNTRY PLANNING ACT 1990 S106
650 _aPLANNING AND COMPULSORY PURCHASE ACT 2004 S46
650 _aPLANNING AND COMPULSORY PURCHASE ACT 2004 S47
690 _aENVIRONMENTAL AND LAND CONSULTANCY-PLANNING AND DEVELOPMENT-PLANNING REFORM
856 _uhttps://www.communities.gov.uk/index.asp?id=1500145
_zView the Circular free of charge at www.dclg.gov.uk...
942 _n0
999 _c104445
_d104445